| 000 | 01081cam a22002174a 4500 | ||
|---|---|---|---|
| 005 | 20250605163942.0 | ||
| 008 | 250528s ||||||||||||||||||||||||d | ||
| 035 | _a15074 | ||
| 020 | _a273646265 | ||
| 040 |
_aGR-AtMCL _bgre _dGR-AtMCL _eAACR2 |
||
| 245 | 1 | _aPublic Sector Accounting / Fifth Edition | |
| 250 | _a5th | ||
| 260 |
_bPrentice Hall, _c2000 |
||
| 300 | _a278 | ||
| 520 | _aThis book provides an integrated approach to the study of public sector accounting. Preface, The Nature of Public Sector Accounting, Management Accounting, Management Accounting and Control, Budget Preparation, Program Budgeting, Zero-Base Budgeting, Investment Appraisal, Financial Accounting, Financial Accounting Theory, Financial Accounting Techniques, Capital Accounting, Financial Reporting and Performance Measurement, Auditing, Institutional and Legal Environment of Auditing, Economy and Efficiency and Effectiveness Auditing, Bibliography, Index. | ||
| 700 | 1 |
_aJones Rowan _9911 |
|
| 700 | 1 |
_aPendlebury Maurice _9912 |
|
| 942 | _cBK | ||
| 999 |
_c673 _d673 |
||